[Event "X Torneo Banco di Roma B"]
[Site "Roma ITA"]
[Date "1986.02.??"]
[Round "1"]
[White "D'Amore, Carlo"]
[Black "Trepp, Markus"]
[WhiteElo "2340"]
[BlackElo "2390"]
[Result "0-1"]
[PlyCount "80"]
[EventDate "1986.02.15"]

1. Nf3 Nf6 2. g3 d5 3. Bg2 c6 4. d3 Bg4 5. Nbd2 Nbd7 6. h3 Bh5 7. c4 e6 8. cxd5
cxd5 9. g4 Bg6 10. Nh4 Bc5 11. Nb3 Be7 12. Bf4 Ng8 13. Nxg6 hxg6 14. O-O g5 15.
Bg3 Bf6 16. d4 Ne7 17. e4 dxe4 18. Bxe4 Nc6 19. Re1 O-O 20. Rc1 Rc8 21. Bb1 Re8
22. Qd3 Nf8 23. Rcd1 b6 24. Qe4 Qd5 25. Qe3 Rcd8 26. Be4 Qd7 27. Qf3 Nb4 28.
Rc1 Rc8 29. a3 Nd5 30. Bd3 Rxc1 31. Rxc1 Rc8 32. Rd1 Qa4 33. Be4 Rc4 34. Rd3
Qd7 35. Rd1 a5 36. Bd3 Rc8 37. Qe2 Qa4 38. Nd2 Qxd4 39. Ne4 Qxb2 40. Nxf6+ Qxf6
0-1

[Event "X Torneo Banco di Roma B"]
[Site "Roma ITA"]
[Date "1986.02.??"]
[Round "1"]
[White "Krnic, Zdenko"]
[Black "Passerotti, Pierluigi"]
[WhiteElo "2390"]
[BlackElo "2310"]
[Result "1/2-1/2"]
[PlyCount "34"]
[EventDate "1986.02.15"]

1. Nf3 Nf6 2. c4 b6 3. g3 Bb7 4. Bg2 e6 5. O-O Be7 6. Nc3 O-O 7. Re1 c5 8. e4
d6 9. d4 cxd4 10. Nxd4 Ne8 11. b3 a6 12. Bb2 Nc6 13. Nc2 Rb8 14. Qd2 Ba8 15.
Rad1 b5 16. Ne3 Qb6 17. Qe2 Nf6 1/2-1/2

[Event "X Torneo Banco di Roma B"]
[Site "Roma ITA"]
[Date "1986.02.??"]
[Round "1"]
[White "Teschner, Rudolf"]
[Black "Bellia, Fabrizio"]
[WhiteElo "2330"]
[BlackElo "2230"]
[Result "1/2-1/2"]
[PlyCount "112"]
[EventDate "1986.02.15"]

1. e4 e5 2. Nf3 Nc6 3. Bb5 a6 4. Ba4 Nf6 5. O-O Be7 6. Re1 b5 7. Bb3 d6 8. c3
O-O 9. h3 Na5 10. Bc2 c5 11. d4 Qc7 12. Nbd2 Bd7 13. dxe5 dxe5 14. Nf1 Rad8 15.
Qe2 Rfe8 16. Ne3 Bf8 17. Nh2 Be6 18. Nhg4 Nxg4 19. hxg4 g6 20. Qf3 Nc4 21. Nd5
Bxd5 22. exd5 Bg7 23. Be4 Nd6 24. Bg5 Rd7 25. Bc2 Qb6 26. Rad1 Nc8 27. Be3 Qc7
28. g3 f6 29. Kg2 Nd6 30. Bc1 Rdd8 31. a4 Qf7 32. b3 Qc7 33. Qe2 Rf8 34. Rh1
Rde8 35. Bh6 Bxh6 36. Rxh6 Nf7 37. Rhh1 Nd6 38. axb5 axb5 39. Qe3 Ra8 40. g5
Qe7 41. Ra1 fxg5 42. Qxc5 Qf6 43. Qe3 e4 44. Rxa8 Rxa8 45. c4 bxc4 46. bxc4
Nxc4 47. Qxe4 Nd6 48. Qe6+ Qxe6 49. dxe6 Nf5 50. Bxf5 gxf5 51. Rh5 h6 52. Rxh6
Kg7 53. Rh1 Re8 54. Re1 Kf6 55. g4 fxg4 56. Kg3 Rxe6 1/2-1/2

[Event "X Torneo Banco di Roma B"]
[Site "Roma ITA"]
[Date "1986.02.??"]
[Round "1"]
[White "Vallifuoco, Giacomo"]
[Black "Rigo, Janos"]
[WhiteElo "2355"]
[BlackElo "2380"]
[Result "1/2-1/2"]
[PlyCount "49"]
[EventDate "1986.02.15"]

1. d4 Nf6 2. c4 e6 3. Nc3 Bb4 4. e3 O-O 5. Bd3 c5 6. Nge2 Nc6 7. O-O d6 8. d5
Ne5 9. e4 Nfg4 10. f4 Nxd3 11. Qxd3 f5 12. h3 fxe4 13. Nxe4 Nf6 14. dxe6 Bxe6
15. f5 Nxe4 16. Qxe4 Bf7 17. f6 Qe8 18. Qg4 Bg6 19. a3 Ba5 20. b4 Bd8 21. Bb2
Bxf6 22. Bxf6 Rxf6 23. Rxf6 gxf6 24. Rf1 Qe3+ 25. Kh1 1/2-1/2

[Event "X Torneo Banco di Roma B"]
[Site "Roma ITA"]
[Date "1986.02.??"]
[Round "2"]
[White "Bellia, Fabrizio"]
[Black "Vallifuoco, Giacomo"]
[WhiteElo "2230"]
[BlackElo "2355"]
[Result "1-0"]
[PlyCount "47"]
[EventDate "1986.02.15"]

1. e4 c5 2. Nf3 e6 3. d4 cxd4 4. Nxd4 Nf6 5. Nc3 d6 6. Be2 Be7 7. O-O O-O 8.
Be3 Nc6 9. Kh1 Bd7 10. f4 Qb8 11. Bf3 Rc8 12. a4 b6 13. Qe2 Nxd4 14. Bxd4 e5
15. Bg1 exf4 16. Bd4 Re8 17. Qd2 g5 18. h4 h6 19. g3 Qc8 20. hxg5 hxg5 21. gxf4
d5 22. fxg5 Nxe4 23. Bxe4 dxe4 24. g6 1-0

[Event "X Torneo Banco di Roma B"]
[Site "Roma ITA"]
[Date "1986.02.??"]
[Round "2"]
[White "Rigo, Janos"]
[Black "D'Amore, Carlo"]
[WhiteElo "2380"]
[BlackElo "2340"]
[Result "1/2-1/2"]
[PlyCount "97"]
[EventDate "1986.02.15"]

1. e4 e5 2. Nf3 Nc6 3. Nc3 Nf6 4. d4 exd4 5. Nxd4 Bb4 6. Nxc6 bxc6 7. Bd3 d5 8.
exd5 cxd5 9. O-O O-O 10. Bg5 Be6 11. Ne2 Bd6 12. Nd4 Bd7 13. Re1 h6 14. Bh4 Rb8
15. Bf5 g5 16. Bxd7 Qxd7 17. Qf3 Ne4 18. Nf5 Qe6 19. Bg3 Rxb2 20. Bxd6 cxd6 21.
Qh3 Kh7 22. f3 Rc8 23. fxe4 Rcxc2 24. Ne3 Qxh3 25. gxh3 Rxh2 26. exd5 Rxh3 27.
Nf1 Rh4 28. Re3 Kg6 29. Rc1 Rd4 30. Ra3 Rxd5 31. Rxa7 f5 32. Ra6 f4 33. Rcc6
Kh5 34. a4 Ra2 35. Rxd6 Rxd6 36. Rxd6 Rxa4 37. Nd2 g4 38. Kf2 Kg5 39. Rd5+ Kh4
40. Rd6 h5 41. Rd5 Ra2 42. Kg2 Ra4 43. Kf2 Ra2 44. Kg2 Ra4 45. Kf2 Ra3 46. Rf5
Ra2 47. Rd5 g3+ 48. Kf3 Ra3+ 49. Kg2 1/2-1/2

[Event "X Torneo Banco di Roma B"]
[Site "Roma ITA"]
[Date "1986.02.??"]
[Round "2"]
[White "Trepp, Markus"]
[Black "Benedetti, Fabrizio"]
[WhiteElo "2390"]
[BlackElo "2265"]
[Result "1/2-1/2"]
[PlyCount "88"]
[EventDate "1986.02.15"]

1. e4 c5 2. Nf3 e6 3. d4 cxd4 4. Nxd4 a6 5. c4 Nf6 6. Nc3 Qc7 7. Be2 Be7 8. O-O
O-O 9. f4 d6 10. Kh1 b6 11. Bf3 Bb7 12. Qe2 Nc6 13. Be3 Na5 14. b3 Rac8 15.
Rac1 Qb8 16. f5 e5 17. Nc2 b5 18. Nd5 Bxd5 19. cxd5 Bd8 20. Nb4 Bb6 21. Nxa6
Qa7 22. Bxb6 Qxb6 23. Nb4 Nd7 24. Qd2 f6 25. Nc6 Nxc6 26. dxc6 Nb8 27. Qd5+ Kh8
28. Be2 Rxc6 29. Qxb5 Qe3 30. Rxc6 Nxc6 31. Qxc6 Qxe2 32. Rc1 Qxa2 33. Qxd6 Qa8
34. b4 Rd8 35. Qc7 h6 36. h3 Rd4 37. b5 Qxe4 38. Qf7 Qxf5 39. b6 Rd7 40. Qe8+
Kh7 41. Qa8 Rd3 42. b7 Rxh3+ 43. gxh3 Qxh3+ 44. Kg1 Qg3+ 1/2-1/2

[Event "X Torneo Banco di Roma B"]
[Site "Roma ITA"]
[Date "1986.02.??"]
[Round "3"]
[White "Benedetti, Fabrizio"]
[Black "Rigo, Janos"]
[WhiteElo "2265"]
[BlackElo "2380"]
[Result "0-1"]
[PlyCount "62"]
[EventDate "1986.02.15"]

1. e4 c5 2. Nf3 d6 3. d4 cxd4 4. Qxd4 a6 5. c4 Nc6 6. Qd2 g6 7. b3 Bg7 8. Bb2
Bxb2 9. Qxb2 Nf6 10. Be2 Qa5+ 11. Nbd2 O-O 12. O-O Bg4 13. Rfe1 Qc5 14. Bf1 e5
15. a3 a5 16. Rab1 Qb6 17. h3 Be6 18. Rec1 Nd7 19. b4 axb4 20. axb4 Ra4 21. c5
Qc7 22. b5 Nd4 23. Nxd4 Rxd4 24. b6 Qb8 25. c6 bxc6 26. Rxc6 Nc5 27. f3 Qa8 28.
Rc7 Qa5 29. Ra7 Qxd2 30. Qxd2 Rxd2 31. b7 Nd7 0-1

[Event "X Torneo Banco di Roma B"]
[Site "Roma ITA"]
[Date "1986.02.??"]
[Round "3"]
[White "D'Amore, Carlo"]
[Black "Bellia, Fabrizio"]
[WhiteElo "2340"]
[BlackElo "2230"]
[Result "1-0"]
[PlyCount "83"]
[EventDate "1986.02.15"]

1. Nf3 Nf6 2. d4 g6 3. g3 Bg7 4. Bg2 O-O 5. O-O d6 6. b3 e5 7. dxe5 dxe5 8. Bb2
e4 9. Qxd8 Rxd8 10. Ne5 Ng4 11. Nc4 Bxb2 12. Nxb2 e3 13. f4 Nc6 14. Bxc6 bxc6
15. Nd3 Nf6 16. Nc3 Nd5 17. Nd1 Bf5 18. Re1 a5 19. c4 Nb4 20. Nxb4 axb4 21.
Nxe3 Be4 22. Kf2 h5 23. c5 Rd2 24. Red1 Raxa2 25. Rxa2 Rxa2 26. Rd4 Bc2 27. f5
Kg7 28. fxg6 Kxg6 29. Rxb4 Bd3 30. Ng2 Bb5 31. Nf4+ Kg5 32. Re4 h4 33. gxh4+
Kxh4 34. Ne6+ Kh5 35. Nxc7 Bd3 36. Re3 Bf5 37. Ne8 Kg5 38. Rg3+ Kf4 39. Nd6 Be6
40. Nxf7 Rb2 41. Rf3+ Kg4 42. Ne5+ 1-0

[Event "X Torneo Banco di Roma B"]
[Site "Roma ITA"]
[Date "1986.02.??"]
[Round "3"]
[White "Sibilio, Mario"]
[Black "Trepp, Markus"]
[WhiteElo "2305"]
[BlackElo "2390"]
[Result "1/2-1/2"]
[PlyCount "72"]
[EventDate "1986.02.15"]

1. d4 Nf6 2. Nc3 d5 3. Bg5 Nbd7 4. f3 c5 5. e4 Qa5 6. e5 Ng8 7. Be3 e6 8. Qd2
cxd4 9. Bxd4 Ne7 10. f4 Nf5 11. Nce2 Qxd2+ 12. Kxd2 g5 13. c3 gxf4 14. Nxf4 Bh6
15. g3 f6 16. Nf3 O-O 17. Bd3 Nh4 18. Nxh4 fxe5 19. Nf3 exf4 20. g4 Bg7 21.
Rae1 Re8 22. Bb5 a6 23. Bxd7 Bxd7 24. Rhf1 Rf8 25. Bxg7 Kxg7 26. Re5 h6 27. h4
Rae8 28. g5 Rf5 29. Rfe1 Rxe5 30. Rxe5 hxg5 31. Rxg5+ Kf6 32. Ne5 Bc6 33. Ng4+
Ke7 34. Ne5 Kd6 35. Nf7+ Ke7 36. Ne5 Kd6 1/2-1/2

[Event "X Torneo Banco di Roma B"]
[Site "Roma ITA"]
[Date "1986.02.??"]
[Round "3"]
[White "Teschner, Rudolf"]
[Black "Passerotti, Pierluigi"]
[WhiteElo "2330"]
[BlackElo "2310"]
[Result "0-1"]
[PlyCount "98"]
[EventDate "1986.02.15"]

1. e4 c5 2. Nf3 Nc6 3. d4 cxd4 4. Nxd4 g6 5. Nc3 Bg7 6. Be3 Nf6 7. Nb3 O-O 8.
Be2 d6 9. O-O Be6 10. f4 Qc8 11. Kh1 Rd8 12. Bf3 d5 13. exd5 Nb4 14. Bd4 Nfxd5
15. Nxd5 Bxd5 16. Bxd5 Rxd5 17. c3 Nc6 18. Qf3 Qf5 19. Bxg7 Kxg7 20. Rae1 Rad8
21. g4 Qf6 22. f5 g5 23. Re4 R8d7 24. Qe2 Re5 25. Re1 Rdd5 26. Nd2 h6 27. Nc4
Rxe4 28. Qxe4 Rd7 29. a4 Nd8 30. Kg2 Qc6 31. Qxc6 Nxc6 32. Kf3 Kf6 33. Ke4 Rd8
34. Re2 Re8 35. Kd5 Rd8+ 36. Kc5 Rc8 37. Kb5 Rd8 38. Kc5 Rc8 39. Kd5 Rd8+ 40.
Ke4 Re8 41. a5 e6 42. Kf3 Rd8 43. fxe6 fxe6 44. Ke4 Rd1 45. Rf2+ Ke7 46. Rf3
Nd8 47. Ne5 Rd2 48. Rh3 Rxb2 49. Rxh6 Re2+ 0-1

[Event "X Torneo Banco di Roma B"]
[Site "Roma ITA"]
[Date "1986.02.??"]
[Round "3"]
[White "Vallifuoco, Giacomo"]
[Black "Krnic, Zdenko"]
[WhiteElo "2355"]
[BlackElo "2390"]
[Result "1-0"]
[PlyCount "81"]
[EventDate "1986.02.15"]

1. d4 Nf6 2. c4 g6 3. Nc3 Bg7 4. e4 O-O 5. f3 c6 6. Be3 d5 7. e5 Ne8 8. h4 dxc4
9. Bxc4 c5 10. dxc5 Qxd1+ 11. Rxd1 Bxe5 12. Nge2 Nc6 13. Kf2 Ng7 14. Nd4 h5 15.
Nxc6 bxc6 16. Bd4 Bc7 17. Rhe1 Rb8 18. b3 Bd8 19. Ne4 Ba5 20. Rh1 Bc7 21. Bc3
Kh8 22. Rhe1 f6 23. g3 a5 24. Rd2 Bf5 25. Ng5 e5 26. Nf7+ Kh7 27. Red1 Ra8 28.
Nd6 Rad8 29. Nxf5 gxf5 30. Rd7 Kg6 31. Ke2 Rxd7 32. Rxd7 Ne8 33. Bd3 e4 34.
fxe4 fxe4 35. Bxe4+ f5 36. Bxc6 Bxg3 37. Rd8 Kf7 38. Bxa5 Bxh4 39. Ra8 Be7 40.
Bd5+ Kg6 41. c6 1-0

[Event "X Torneo Banco di Roma B"]
[Site "Roma ITA"]
[Date "1986.02.??"]
[Round "4"]
[White "Krnic, Zdenko"]
[Black "D'Amore, Carlo"]
[WhiteElo "2390"]
[BlackElo "2340"]
[Result "1-0"]
[PlyCount "67"]
[EventDate "1986.02.15"]

1. Nf3 Nf6 2. c4 g6 3. b4 Bg7 4. Bb2 O-O 5. e3 d6 6. d4 c5 7. bxc5 dxc5 8. Nbd2
Ne8 9. Be2 Nc6 10. Nb3 cxd4 11. Nfxd4 Qc7 12. O-O a6 13. Rc1 Nf6 14. Nxc6 Qxc6
15. Be5 Bf5 16. Qd4 Rfd8 17. Qb2 Be4 18. f3 Bd3 19. Bxd3 Rxd3 20. Bd4 e5 21.
Bxe5 Rxe3 22. Bd4 Ree8 23. Na5 Qc7 24. Bb6 Qe7 25. Qb3 Nd7 26. Bf2 b6 27. Nc6
Qd6 28. Nb4 Nc5 29. Qd1 Qxd1 30. Rfxd1 Re2 31. Nd5 Na4 32. Nxb6 Nxb6 33. Bxb6
Rxa2 34. c5 $136 1-0

[Event "X Torneo Banco di Roma B"]
[Site "Roma ITA"]
[Date "1986.02.??"]
[Round "4"]
[White "Passerotti, Pierluigi"]
[Black "Trepp, Markus"]
[WhiteElo "2310"]
[BlackElo "2390"]
[Result "0-1"]
[PlyCount "76"]
[EventDate "1986.02.15"]

1. Nf3 Nf6 2. c4 e6 3. Nc3 Bb4 4. g3 O-O 5. Bg2 d5 6. a3 Be7 7. d4 dxc4 8. Qa4
a6 9. Qxc4 b5 10. Qb3 Bb7 11. O-O c5 12. Rd1 Nbd7 13. Be3 c4 14. Qc2 Nd5 15.
Bd2 f5 16. Nxd5 Bxd5 17. Ne1 a5 18. f3 Qb6 19. Be3 Nf6 20. Bf4 Qb7 21. Qd2 b4
22. Nc2 Rfc8 23. Ne3 Qb5 24. Nxd5 Nxd5 25. e4 c3 26. bxc3 bxc3 27. Qa2 c2 28.
Rdc1 Nxf4 29. gxf4 Qc4 30. Qxc4 Rxc4 31. Ra2 Rac8 32. Bf1 Rc3 33. Bb5 Bxa3 34.
Rcxc2 Rxc2 35. Rxa3 Rb2 36. Rxa5 Rc1+ 37. Bf1 Rbb1 38. exf5 exf5 0-1

[Event "X Torneo Banco di Roma B"]
[Site "Roma ITA"]
[Date "1986.02.??"]
[Round "4"]
[White "Rigo, Janos"]
[Black "Sibilio, Mario"]
[WhiteElo "2380"]
[BlackElo "2305"]
[Result "1-0"]
[PlyCount "71"]
[EventDate "1986.02.15"]

1. e4 g6 2. h4 h5 3. Bc4 c6 4. Qf3 Nf6 5. Nc3 d5 6. exd5 Bg4 7. Qd3 Bf5 8. Qe2
Bg7 9. dxc6 Nxc6 10. Nf3 O-O 11. d3 Bg4 12. Qe3 Bxf3 13. Qxf3 Nd4 14. Qd1 b5
15. Bb3 a5 16. a3 b4 17. Ne2 Ng4 18. Bc4 Qb6 19. O-O Qd6 20. f4 Nf5 21. c3 Qc5+
22. Kh1 Nf2+ 23. Rxf2 Qxf2 24. d4 Nxh4 25. Qg1 Qxg1+ 26. Kxg1 bxc3 27. bxc3
Rfc8 28. Bb5 a4 29. Bd2 Nf5 30. Bd7 Rcb8 31. Ra2 Nd6 32. Bc1 e6 33. Bc6 Ra6 34.
Bf3 Rb1 35. Kf2 Bf8 36. d5 $136 1-0

[Event "X Torneo Banco di Roma B"]
[Site "Roma ITA"]
[Date "1986.02.??"]
[Round "4"]
[White "Teschner, Rudolf"]
[Black "Vallifuoco, Giacomo"]
[WhiteElo "2330"]
[BlackElo "2355"]
[Result "1/2-1/2"]
[PlyCount "48"]
[EventDate "1986.02.15"]

1. e4 c5 2. Nf3 e6 3. d4 cxd4 4. Nxd4 Nf6 5. Nc3 d6 6. Be2 Be7 7. O-O O-O 8. f4
Nc6 9. Be3 e5 10. Nb3 exf4 11. Rxf4 Be6 12. Nd4 Ne5 13. Nf5 Bxf5 14. Rxf5 Rc8
15. Kh1 Rxc3 16. bxc3 Nxe4 17. Qd4 Nc5 18. Qd5 b6 19. Raf1 g6 20. R5f2 Qa8 21.
Bf3 Qxd5 22. Bxd5 Kg7 23. Bd4 f6 24. h3 h5 1/2-1/2

[Event "X Torneo Banco di Roma B"]
[Site "Roma ITA"]
[Date "1986.02.??"]
[Round "5"]
[White "D'Amore, Carlo"]
[Black "Teschner, Rudolf"]
[WhiteElo "2340"]
[BlackElo "2330"]
[Result "1-0"]
[PlyCount "57"]
[EventDate "1986.02.15"]

1. e4 c5 2. Nf3 a6 3. d4 cxd4 4. Nxd4 Nf6 5. Bd3 e5 6. Nb3 Nc6 7. c4 d6 8. O-O
Be7 9. Nc3 Be6 10. Nd5 Rc8 11. Be3 Bxd5 12. cxd5 Nb8 13. Qd2 O-O 14. Qb4 Qd7
15. Na5 b5 16. a4 bxa4 17. f3 Ne8 18. Rfc1 Nf6 19. Rc2 Rxc2 20. Bxc2 Qb5 21.
Qc3 Bd8 22. Nc4 Qd7 23. Bxa4 Qe7 24. Qb4 Bc7 25. Qb7 Nh5 26. Rc1 Nf4 27. Rc2
Ng6 28. b4 h5 29. Nd2 1-0

[Event "X Torneo Banco di Roma B"]
[Site "Roma ITA"]
[Date "1986.02.??"]
[Round "5"]
[White "Sibilio, Mario"]
[Black "Bellia, Fabrizio"]
[WhiteElo "2305"]
[BlackElo "2230"]
[Result "1-0"]
[PlyCount "51"]
[EventDate "1986.02.15"]

1. Nf3 Nf6 2. c4 g6 3. b3 Bg7 4. Bb2 d6 5. g3 O-O 6. Bg2 e5 7. O-O Nc6 8. Nc3
Re8 9. d3 Nd4 10. Nd2 c6 11. Nde4 Nxe4 12. dxe4 Qe7 13. Qd2 Qf6 14. f3 h5 15.
e3 Ne6 16. f4 exf4 17. gxf4 Qh4 18. Rad1 Bf6 19. Qc2 g5 20. Ne2 Bxb2 21. Qxb2
gxf4 22. exf4 Nc5 23. Rxd6 Nxe4 24. Rh6 f6 25. Ng3 Kg7 26. Rxh5 1-0

[Event "X Torneo Banco di Roma B"]
[Site "Roma ITA"]
[Date "1986.02.??"]
[Round "5"]
[White "Trepp, Markus"]
[Black "Rigo, Janos"]
[WhiteElo "2390"]
[BlackElo "2380"]
[Result "1/2-1/2"]
[PlyCount "29"]
[EventDate "1986.02.15"]

1. e4 c5 2. Nf3 d6 3. c3 Nf6 4. Bd3 Bg4 5. Bc2 Nc6 6. d3 e6 7. Nbd2 Be7 8. h3
Bh5 9. Nf1 d5 10. Qe2 O-O 11. Ng3 Bxf3 12. Qxf3 d4 13. O-O Nd7 14. Qd1 b5 15.
Ne2 1/2-1/2

[Event "X Torneo Banco di Roma B"]
[Site "Roma ITA"]
[Date "1986.02.??"]
[Round "5"]
[White "Vallifuoco, Giacomo"]
[Black "Passerotti, Pierluigi"]
[WhiteElo "2355"]
[BlackElo "2310"]
[Result "1-0"]
[PlyCount "81"]
[EventDate "1986.02.15"]

1. d4 d5 2. c4 e6 3. Nc3 Be7 4. Nf3 Nf6 5. Bg5 h6 6. Bh4 O-O 7. e3 b6 8. Qb3
Bb7 9. Bxf6 Bxf6 10. cxd5 exd5 11. Rd1 Re8 12. Bd3 c6 13. O-O Nd7 14. a3 Nf8
15. Bb1 g6 16. Rfe1 Ne6 17. Ba2 Bg7 18. Qa4 b5 19. Qc2 a5 20. Ne2 b4 21. axb4
axb4 22. Nc1 Qb6 23. Bb3 Rac8 24. Nd3 c5 25. dxc5 Nxc5 26. Nxc5 Rxc5 27. Qd2
Rd8 28. Ra1 d4 29. exd4 Rf5 30. Bc2 Rxf3 31. gxf3 Bxd4 32. Be4 Bc3 33. Qe3 Bd4
34. Qd2 Bc3 35. Qe3 Bd4 36. Qe2 Bc8 37. Ra8 Bh3 38. Rxd8+ Qxd8 39. Qd2 Qh4 40.
f4 Qf6 41. Rb1 1-0

[Event "X Torneo Banco di Roma B"]
[Site "Roma ITA"]
[Date "1986.02.??"]
[Round "6"]
[White "Bellia, Fabrizio"]
[Black "Trepp, Markus"]
[WhiteElo "2230"]
[BlackElo "2390"]
[Result "0-1"]
[PlyCount "86"]
[EventDate "1986.02.15"]

1. e4 c5 2. Nf3 Nc6 3. d4 cxd4 4. Nxd4 Nf6 5. Nc3 d6 6. f4 e5 7. Nf3 Be7 8. Bd3
Qb6 9. Qe2 O-O 10. Qf2 Nd4 11. h3 Re8 12. Kf1 Bd8 13. Kg1 Nxf3+ 14. gxf3 exf4
15. Qxb6 Bxb6+ 16. Kg2 g5 17. h4 h6 18. Bd2 Bd7 19. Nb5 d5 20. Nd6 dxe4 21.
fxe4 Nxe4 22. Nxe4 Bc6 23. hxg5 Rxe4 24. Bxe4 Bxe4+ 25. Kh3 Bxh1 26. Rxh1 Rc8
27. Bc3 Rc5 28. Bf6 h5 29. Kg2 Rxc2+ 30. Kf3 Kh7 31. Ke4 Kg6 32. Kxf4 Rf2+ 33.
Kg3 Re2 34. Rd1 Re3+ 35. Kg2 Re2+ 36. Kg3 Re3+ 37. Kg2 h4 38. Rh1 Kh5 39. Rxh4+
Kxh4 40. g6+ Kh5 41. gxf7 Bc5 42. Bd4 Re2+ 43. Kf3 Bxd4 0-1

[Event "X Torneo Banco di Roma B"]
[Site "Roma ITA"]
[Date "1986.02.??"]
[Round "6"]
[White "Passerotti, Pierluigi"]
[Black "Rigo, Janos"]
[WhiteElo "2310"]
[BlackElo "2380"]
[Result "0-1"]
[PlyCount "68"]
[EventDate "1986.02.15"]

1. Nf3 Nf6 2. c4 e6 3. Nc3 d5 4. d4 Be7 5. Bg5 c6 6. e3 Nbd7 7. Qc2 h6 8. Bh4
Qa5 9. a3 dxc4 10. Bxc4 a6 11. O-O c5 12. Ba2 O-O 13. Rad1 Re8 14. Rfe1 Qc7 15.
Bb1 g6 16. Na4 c4 17. e4 b5 18. Bg3 Qa7 19. Nc3 Bb7 20. d5 exd5 21. exd5 Bf8
22. Ne5 Nxe5 23. Bxe5 Nd7 24. Bf4 Nf6 25. Be5 Ng4 26. Bg3 Qb6 27. Qd2 Rxe1+ 28.
Qxe1 Rd8 29. Be4 Nf6 30. Bf3 a5 31. Be5 b4 32. axb4 axb4 33. Bxf6 Qxf6 34. Ne4
34... Qb6 $136 0-1

[Event "X Torneo Banco di Roma B"]
[Site "Roma ITA"]
[Date "1986.02.??"]
[Round "6"]
[White "Vallifuoco, Giacomo"]
[Black "D'Amore, Carlo"]
[WhiteElo "2355"]
[BlackElo "2340"]
[Result "1-0"]
[PlyCount "45"]
[EventDate "1986.02.15"]

1. d4 Nf6 2. c4 g6 3. Nc3 Bg7 4. e4 d6 5. f3 O-O 6. Be3 Nc6 7. Nge2 a6 8. Qd2
Rb8 9. g4 b5 10. h4 bxc4 11. h5 Nb4 12. Ng3 c5 13. hxg6 fxg6 14. dxc5 Nd3+ 15.
Bxd3 cxd3 16. O-O-O Qa5 17. Bh6 Bh8 18. Bxf8 Kxf8 19. cxd6 Rxb2 20. dxe7+ Ke8
21. Qxb2 Nd7 22. Rxd3 Nc5 23. Rd8+ 1-0

[Event "X Torneo Banco di Roma B"]
[Site "Roma ITA"]
[Date "1986.02.??"]
[Round "7"]
[White "Benedetti, Fabrizio"]
[Black "Vallifuoco, Giacomo"]
[WhiteElo "2265"]
[BlackElo "2355"]
[Result "0-1"]
[PlyCount "48"]
[EventDate "1986.02.15"]

1. e4 c5 2. Nf3 Nc6 3. d4 cxd4 4. Nxd4 Nf6 5. Nc3 e5 6. Ndb5 d6 7. Bg5 a6 8.
Na3 b5 9. Bxf6 gxf6 10. Nd5 f5 11. Bd3 Be6 12. c3 Bg7 13. O-O O-O 14. f3 Kh8
15. Nc2 Rg8 16. Ncb4 Nxb4 17. Nxb4 f4 18. Bc2 Bf6 19. Kh1 Bh4 20. Bb3 Qg5 21.
Qe2 Bd7 22. Rfd1 Qh6 23. Qf1 Bg3 24. h3 Rg5 0-1

[Event "X Torneo Banco di Roma B"]
[Site "Roma ITA"]
[Date "1986.02.??"]
[Round "7"]
[White "D'Amore, Carlo"]
[Black "Passerotti, Pierluigi"]
[WhiteElo "2340"]
[BlackElo "2310"]
[Result "1-0"]
[PlyCount "61"]
[EventDate "1986.02.15"]

1. e4 c5 2. Nf3 d6 3. d4 cxd4 4. Nxd4 Nf6 5. Nc3 g6 6. Be3 Bg7 7. Be2 Nc6 8.
Nb3 O-O 9. f4 Be6 10. g4 d5 11. f5 Bc8 12. exd5 Nb4 13. Bf3 gxf5 14. a3 fxg4
15. Bg2 Na6 16. Qd3 Nc7 17. O-O-O Nce8 18. h3 Nd6 19. hxg4 Bxg4 20. Rdf1 Re8
21. Bh3 Bh5 22. Rfg1 Bg6 23. Rxg6 hxg6 24. Nd4 Nd7 25. Be6 Ne5 26. Qf1 Ndc4 27.
Bxf7+ Nxf7 28. Ne6 Nxe3 29. Qg1 Qb6 30. Qxg6 Nf5 31. Rh7 1-0

[Event "X Torneo Banco di Roma B"]
[Site "Roma ITA"]
[Date "1986.02.??"]
[Round "7"]
[White "Rigo, Janos"]
[Black "Bellia, Fabrizio"]
[WhiteElo "2380"]
[BlackElo "2230"]
[Result "1-0"]
[PlyCount "69"]
[EventDate "1986.02.15"]

1. e4 e5 2. Nf3 Nc6 3. Bb5 a6 4. Ba4 Nf6 5. O-O Be7 6. Re1 b5 7. Bb3 d6 8. c3
O-O 9. h3 Na5 10. Bc2 c5 11. d4 Qc7 12. Nbd2 Bd7 13. d5 g6 14. Nf1 Nc4 15. b3
Nb6 16. Bh6 Rfe8 17. Ng3 c4 18. b4 a5 19. a3 Ra6 20. Qd2 Rea8 21. Rac1 axb4 22.
axb4 Ra2 23. Rf1 R8a3 24. Ng5 Na4 25. Ne2 Nh5 26. g4 Ng7 27. f4 f6 28. Nf3 Qd8
29. fxe5 dxe5 30. Kg2 Bd6 31. Nh2 Ne8 32. Rf3 Nb6 33. Nf1 Be7 34. g5 fxg5 35.
Qxg5 $136 1-0

[Event "X Torneo Banco di Roma B"]
[Site "Roma ITA"]
[Date "1986.02.??"]
[Round "8"]
[White "D'Amore, Carlo"]
[Black "Benedetti, Fabrizio"]
[WhiteElo "2340"]
[BlackElo "2265"]
[Result "1-0"]
[PlyCount "69"]
[EventDate "1986.02.15"]

1. Nf3 Nf6 2. g3 b6 3. Bg2 Bb7 4. d3 d6 5. O-O g6 6. b3 Bg7 7. Bb2 O-O 8. e4 e5
9. Nbd2 Nbd7 10. c4 Nc5 11. Qc2 Ne6 12. d4 exd4 13. Nxd4 Nxd4 14. Bxd4 Nd7 15.
Bxg7 Kxg7 16. Qc3+ Kg8 17. f4 Qe7 18. Rae1 Rae8 19. Qd4 Ba8 20. Nb1 Nc5 21. Nc3
a5 22. Re2 f6 23. Rfe1 Qg7 24. Nd5 Bxd5 25. cxd5 Re7 26. Qc4 Rb8 27. e5 fxe5
28. fxe5 Rxe5 29. Rxe5 dxe5 30. a3 Kh8 31. b4 axb4 32. axb4 Nb7 33. Rc1 Rc8 34.
Qc6 Nd6 35. Qxd6 1-0

[Event "X Torneo Banco di Roma B"]
[Site "Roma ITA"]
[Date "1986.02.??"]
[Round "8"]
[White "Krnic, Zdenko"]
[Black "Rigo, Janos"]
[WhiteElo "2390"]
[BlackElo "2380"]
[Result "0-1"]
[PlyCount "92"]
[EventDate "1986.02.15"]

1. e4 c5 2. Nf3 d6 3. Nc3 Nc6 4. d4 cxd4 5. Nxd4 g6 6. Be2 Bg7 7. Be3 Nf6 8.
Nb3 Be6 9. O-O O-O 10. f4 Qc8 11. Bf3 Ng4 12. Bc1 Bxb3 13. Bxg4 Be6 14. f5 Bd7
15. Nd5 e6 16. fxe6 Bxe6 17. Bxe6 fxe6 18. Rxf8+ Bxf8 19. Nf6+ Kg7 20. Ng4 h5
21. Nf2 Ne5 22. Be3 Nc4 23. Bd4+ e5 24. Bc3 Qc5 25. Qe2 Rc8 26. a4 Be7 27. Kh1
Qe3 28. Re1 Qxe2 29. Rxe2 Nb6 30. a5 Na4 31. Nd1 Nxc3 32. Nxc3 Bd8 33. a6 bxa6
34. Na4 Rc4 35. b3 Rd4 36. g3 Rd1+ 37. Kg2 Bb6 38. h4 Bd4 39. c3 Bb6 40. Ra2 a5
41. Re2 Kf6 42. Kh3 Ke6 43. g4 Rd3+ 44. Kg2 hxg4 45. Re1 Rd2+ 46. Kh1 Bf2 0-1

[Event "X Torneo Banco di Roma B"]
[Site "Roma ITA"]
[Date "1986.02.??"]
[Round "8"]
[White "Teschner, Rudolf"]
[Black "Trepp, Markus"]
[WhiteElo "2330"]
[BlackElo "2390"]
[Result "0-1"]
[PlyCount "70"]
[EventDate "1986.02.15"]

1. e4 c5 2. Nf3 Nc6 3. d4 cxd4 4. Nxd4 Nf6 5. Nc3 d6 6. Be2 e5 7. Nb3 Be7 8.
O-O O-O 9. Be3 Be6 10. Bf3 Na5 11. Nxa5 Qxa5 12. Qd2 Rfc8 13. Rfd1 Qb4 14. Rab1
h6 15. a3 Qc4 16. Rbc1 b5 17. Be2 Qc6 18. Bxh6 gxh6 19. Qxh6 Nh7 20. Rd3 Kh8
21. Rg3 Rg8 22. Bxb5 Qb6 23. Rb1 Rxg3 24. hxg3 Bg5 25. Qh5 Bd2 26. Qd1 Bxc3 27.
bxc3 Rb8 28. Rb4 a5 29. Rb1 Ba2 30. Rb2 Qc5 31. a4 Be6 32. Rb1 Kg7 33. Rc1 Nf6
34. Qd3 Ng4 35. Qf3 Rh8 0-1

[Event "X Torneo Banco di Roma B"]
[Site "Roma ITA"]
[Date "1986.02.??"]
[Round "8"]
[White "Vallifuoco, Giacomo"]
[Black "Sibilio, Mario"]
[WhiteElo "2355"]
[BlackElo "2305"]
[Result "1-0"]
[PlyCount "79"]
[EventDate "1986.02.15"]

1. d4 d6 2. e4 g6 3. Nf3 c6 4. Be2 Bg4 5. Nbd2 Bg7 6. O-O Nf6 7. Re1 O-O 8. Bf1
d5 9. e5 Nfd7 10. h3 Bxf3 11. Nxf3 e6 12. Bg5 Qb6 13. Qd2 Re8 14. b4 a5 15. a3
Nf8 16. c3 Qc7 17. Nh2 Nbd7 18. Ng4 h5 19. Nh6+ Bxh6 20. Bxh6 f5 21. exf6 Nxf6
22. Bd3 Kh7 23. Bxf8 Rxf8 24. Rxe6 Qf7 25. Re5 axb4 26. cxb4 Rfe8 27. f4 Ne4
28. Qe3 Kg7 29. Bxe4 dxe4 30. Qxe4 Rxe5 31. dxe5 Rd8 32. e6 Qe7 33. Re1 Rd5 34.
Re3 h4 35. Kh2 Kf6 36. Re1 Kg7 37. a4 Kh6 38. b5 Rf5 39. bxc6 bxc6 40. Qxc6 1-0